000 00613nam a2200229 i 4500
001 C2-0116494
003 PPAK
005 20180727105857.0
008 970721s1976 enk |||| ||||| | eng d
040 _aPPAK
_beng
_cPPAK
_erda
082 0 4 _a345.075
_223
090 0 0 _a345.075
_bCOO
_dG
100 1 _aCook, Michael J.,
_eauthor
245 1 4 _aThe courts and you
264 1 _aLondon :
_bOyez Publishing Limited ,
_c1976
300 _a198 pages ;
_c20 cm
336 _2rdacontent
_atext
337 _2rdamedia
_aunmediated
338 _2rdacarrier
_avolume
650 1 0 _aTrials ( Conspiracy )
942 _ddc
_cB
999 _c30664
_d30664